[Event "EU-ch (Women) 5th"]
[Site "Dresden"]
[Date "2004.04.02"]
[Round "12"]
[White "Topel, Zehra"]
[Black "Dimovska, Aleksandra"]
[Result "0-1"]
[WhiteElo "2056"]
[BlackElo "2111"]
[PlyCount "122"]
[EventDate "2004.03.21"]
[EventType "swiss"]
[EventRounds "12"]
[EventCountry "GER"]
[SourceTitle "CBM 099 Extra"]
[Source "ChessBase"]
[SourceDate "2004.05.04"]
[SourceVersion "1"]
[SourceVersionDate "2004.05.04"]
[SourceQuality "1"]

1. d4 Nf6 2. c4 g6 3. Nc3 Bg7 4. e4 d6 5. f3 0-0 6. Be3 e5 7. Nge2 Nc6 8. Qd2 h5 9. d5 Ne7 10. Nc1 Kh7 11. Bd3 Nfg8 12. N1e2 a6 13. 0-0 Bh6 14. f4 f5 15. fxe5 dxe5 16. exf5 Nxf5 17. Bxh6 Ngxh6 18. Ne4 b5 19. N2g3 c6 20. d6 h4 21. Ng5+ Kg7 22. N3e4 Nxd6 23. Nc5 Rxf1+ 24. Rxf1 Qe7 25. Nge4 Nxe4 26. Nxe4 Bf5 27. Qc2 Rd8 28. c5 Rd4 29. Nf2 Rc4 30. Qe2 Rxc5 31. Re1 Rd5 32. Be4 Bxe4 33. Qxe4 Nf5 34. Nd3 Qa7+ 35. Kf1 Qd4 36. Nxe5 Qxe4 37. Rxe4 Rd1+ 38. Kf2 Rd2+ 39. Re2 Rxe2+ 40. Kxe2 c5 41. b3 g5 42. Nd7 Nd4+ 43. Ke3 Ne6 44. Nb8 a5 45. a4 c4 46. axb5 cxb3 47. Kd2 Nd4 48. Kc3 a4 49. Kb2 Nxb5 50. Na6 Nd6 51. Nc5 Nc4+ 52. Kb1 Nd2+ 53. Kb2 Nf1 54. Nxa4 Nxh2 55. Nc3 Nf1 56. Nd5 g4 57. Nf4 Kf6 58. Kxb3 Kf5 59. Ne2 Ne3 60. Kc3 Nxg2 61. Kd3 Nf4+ 0-1

[Event "EU-ch (Women) 5th"]
[Site "Dresden"]
[Date "2004.04.01"]
[Round "11"]
[White "Dimovska, Aleksandra"]
[Black "Hamelink, Desiree"]
[Result "0-1"]
[WhiteElo "2111"]
[BlackElo "2185"]
[PlyCount "60"]
[EventDate "2004.03.21"]
[EventType "swiss"]
[EventRounds "12"]
[EventCountry "GER"]
[SourceTitle "CBM 099 Extra"]
[Source "ChessBase"]
[SourceDate "2004.05.04"]
[SourceVersion "1"]
[SourceVersionDate "2004.05.04"]
[SourceQuality "1"]

1. e4 c5 2. Nf3 d6 3. d4 cxd4 4. Nxd4 Nf6 5. Nc3 a6 6. Bc4 e6 7. a4 g6 8. 0-0 Bg7 9. Bb3 0-0 10. Be3 Bd7 11. a5 Nc6 12. Nxc6 Bxc6 13. f3 Qe7 14. Qe2 Nd7 15. Na4 Rfe8 16. Qd2 Nc5 17. Qb4 Nxb3 18. Qxb3 d5 19. exd5 exd5 20. Bf2 d4 21. Rad1 Rad8 22. Nb6 Qg5 23. Nc4 Bb5 24. Rfe1 Qc5 25. Nd2 Qc6 26. Ne4 Ba4 27. Qb4 Bxc2 28. Bxd4 Bxd1 29. Rxd1 Rxe4 30. fxe4 Qxe4 0-1

[Event "EU-ch (Women) 5th"]
[Site "Dresden"]
[Date "2004.03.31"]
[Round "10"]
[White "Partac, Elena"]
[Black "Dimovska, Aleksandra"]
[Result "1-0"]
[WhiteElo "2230"]
[BlackElo "2111"]
[PlyCount "105"]
[EventDate "2004.03.21"]
[EventType "swiss"]
[EventRounds "12"]
[EventCountry "GER"]
[SourceTitle "CBM 099 Extra"]
[Source "ChessBase"]
[SourceDate "2004.05.04"]
[SourceVersion "1"]
[SourceVersionDate "2004.05.04"]
[SourceQuality "1"]

1. e4 e5 2. Nf3 Nc6 3. Nc3 Bb4 4. Bc4 Nf6 5. 0-0 0-0 6. Re1 Bxc3 7. dxc3 h6 8. h3 d6 9. Qe2 Be6 10. Bd2 Ne7 11. Rad1 Ng6 12. Bc1 Qe8 13. Nh2 Qc6 14. Bb5 Qb6 15. Bd3 a6 16. Qf3 Nh7 17. Ng4 Qc6 18. Qg3 h5 19. Ne3 h4 20. Qf3 Nf4 21. Nd5 Ng5 22. Ne7+ Kh8 23. Qxf4 exf4 24. Nxc6 bxc6 25. Bxf4 f6 26. Bh2 Bg8 27. f4 Ne6 28. f5 Nc5 29. Rf1 Na4 30. b3 Nxc3 31. Rde1 Nxa2 32. Rf4 Bf7 33. Rxh4+ Kg8 34. Bf1 a5 35. Re3 Nb4 36. Rg3 Nxc2 37. Rhg4 Rfb8 38. Rxg7+ Kf8 39. h4 Nb4 40. Rh7 Bg8 41. Rxc7 Bf7 42. Rh3 Rd8 43. h5 Na6 44. Rxc6 Nc5 45. Bxd6+ Rxd6 46. Rxd6 Nxe4 47. Rb6 Ng5 48. Rh4 Nh7 49. Bc4 Bxc4 50. Rxc4 Ra7 51. h6 Rd7 52. Rg4 Rc7 53. Rb8+ 1-0

[Event "EU-ch (Women) 5th"]
[Site "Dresden"]
[Date "2004.03.27"]
[Round "7"]
[White "Dimovska, Aleksandra"]
[Black "Richards, Heather"]
[Result "0-1"]
[WhiteElo "2111"]
[BlackElo "2236"]
[PlyCount "70"]
[EventDate "2004.03.21"]
[EventType "swiss"]
[EventRounds "12"]
[EventCountry "GER"]
[SourceTitle "CBM 099 Extra"]
[Source "ChessBase"]
[SourceDate "2004.05.04"]
[SourceVersion "1"]
[SourceVersionDate "2004.05.04"]
[SourceQuality "1"]

1. e4 e6 2. d4 d5 3. Nc3 Bb4 4. e5 c5 5. a3 Bxc3+ 6. bxc3 Qa5 7. Bd2 Qa4 8. Qg4 g6 9. Qd1 b6 10. h4 Ba6 11. Bxa6 Nxa6 12. h5 cxd4 13. hxg6 fxg6 14. Qg4 Kd7 15. Nf3 Ne7 16. Ng5 Nc5 17. cxd4 h5 18. Qf4 Rhf8 19. Nf7 Ne4 20. Bb4 Ke8 21. Nd6+ Nxd6 22. Qg5 Ndc8 23. 0-0 a5 24. Bd6 Qxd4 25. g3 Kd7 26. Rad1 Qc4 27. Rfe1 Rf5 28. Qe3 Nc6 29. Rb1 b5 30. a4 Nd4 31. Red1 Ne2+ 32. Kg2 b4 33. Rh1 Nc3 34. Rh4 Qc6 35. g4 d4+ 0-1

[Event "EU-ch (Women) 5th"]
[Site "Dresden"]
[Date "2004.03.24"]
[Round "4"]
[White "Andersson, Christin"]
[Black "Dimovska, Aleksandra"]
[Result "1-0"]
[WhiteElo "2196"]
[BlackElo "2111"]
[PlyCount "135"]
[EventDate "2004.03.21"]
[EventType "swiss"]
[EventRounds "12"]
[EventCountry "GER"]
[SourceTitle "CBM 099 Extra"]
[Source "ChessBase"]
[SourceDate "2004.05.04"]
[SourceVersion "1"]
[SourceVersionDate "2004.05.04"]
[SourceQuality "1"]

1. e4 e5 2. Nf3 Nc6 3. d4 exd4 4. Nxd4 Nge7 5. Bc4 Nxd4 6. Qxd4 Nc6 7. Qd5 Qf6 8. 0-0 Be7 9. Nc3 0-0 10. Be3 d6 11. Qd2 Qh4 12. f4 Kh8 13. Nd5 Be6 14. Be2 Bd8 15. g3 Qh3 16. Nc3 f5 17. Bf3 Bf6 18. a3 Rae8 19. Bg2 Qh5 20. Nd5 Bd8 21. Nb4 Bc4 22. Rfe1 fxe4 23. Nxc6 bxc6 24. Bxa7 Qf5 25. Bd4 Bf6 26. a4 Qd5 27. Rad1 Bxd4+ 28. Qxd4 Qxd4+ 29. Rxd4 d5 30. b3 Ba6 31. c4 Bb7 32. cxd5 cxd5 33. b4 Ra8 34. Ra1 Rfc8 35. Bh3 Rd8 36. a5 Ba6 37. Rc1 g6 38. Rxc7 e3 39. Rc1 Bc4 40. Bg4 Rab8 41. Rb1 Re8 42. Rdd1 e2 43. Rdc1 Ba2 44. Ra1 Bb3 45. a6 Bd1 46. Bxe2 Bxe2 47. a7 Ra8 48. Re1 Kg8 49. Kf2 Bb5 50. Rxe8+ Bxe8 51. Ke3 Bc6 52. Kd4 Kf7 53. Rc1 Bd7 54. Rc7 Ke6 55. Kc5 d4 56. Kb6 Kd6 57. Rc4 Kd5 58. Rc5+ Ke4 59. Re5+ Kd3 60. Rd5 Bc6 61. Kxc6 Rxa7 62. b5 Ra3 63. b6 Rc3+ 64. Rc5 Rb3 65. b7 Ke2 66. Rb5 Rc3+ 67. Kb6 d3 68. b8Q 1-0

[Event "EU-ch (Women) 5th"]
[Site "Dresden"]
[Date "2004.03.23"]
[Round "3"]
[White "Dimovska, Aleksandra"]
[Black "Ozturk Orenli, Kubra"]
[Result "1-0"]
[WhiteElo "2111"]
[BlackElo "1957"]
[PlyCount "83"]
[EventDate "2004.03.21"]
[EventType "swiss"]
[EventRounds "12"]
[EventCountry "GER"]
[SourceTitle "CBM 099 Extra"]
[Source "ChessBase"]
[SourceDate "2004.05.04"]
[SourceVersion "1"]
[SourceVersionDate "2004.05.04"]
[SourceQuality "1"]

1. e4 e5 2. d4 exd4 3. Qxd4 Nc6 4. Qe3 Nf6 5. Nc3 Bb4 6. Bd2 0-0 7. 0-0-0 Re8 8. Qg3 Rxe4 9. a3 Rg4 10. Qe3 Ba5 11. f3 Bb6 12. Qe1 Rd4 13. Bd3 Rd6 14. Qh4 Ne7 15. g4 Ng6 16. Qg3 Qe7 17. f4 Nd5 18. Re1 Qd8 19. Nxd5 Rxd5 20. f5 Nf8 21. Nf3 c5 22. Bg5 Qc7 23. Qxc7 Bxc7 24. Bc4 Rd6 25. Re8 Rf6 26. Bxf6 gxf6 27. Rhe1 b5 28. Bd5 Rb8 29. R1e7 Bd6 30. Rxf7 Bb7 31. Rfxf8+ Kg7 32. Rf7+ Kh6 33. Rxf6+ Kg7 34. Rf7+ Kh6 35. Rf6+ Kg7 36. Rxd6 Rxe8 37. Bxb7 c4 38. g5 a5 39. Rxd7+ Kh8 40. g6 hxg6 41. fxg6 Rg8 42. Rh7# 1-0

[Event "BIH-chT (Women)"]
[Site "Jahorina"]
[Date "2003.06.22"]
[Round "2"]
[White "Dimovska, Aleksandra"]
[Black "Benderac, Ana"]
[Result "1-0"]
[WhiteElo "2103"]
[BlackElo "2281"]
[PlyCount "67"]
[EventDate "2003.06.22"]
[EventType "team"]
[EventRounds "5"]
[EventCountry "BIH"]
[SourceTitle "CBM 094 Extra"]
[Source "ChessBase"]
[SourceDate "2003.07.09"]
[SourceVersion "2"]
[SourceVersionDate "2003.07.09"]
[SourceQuality "1"]

1. e4 c5 2. Nf3 d6 3. d4 cxd4 4. Nxd4 Nf6 5. Nc3 a6 6. Nb3 e5 7. Bg5 Nbd7 8. Bc4 Be7 9. a4 Qc7 10. Bd5 h6 11. Be3 Nc5 12. Nc1 Bd7 13. N1e2 Ng4 14. 0-0 0-0 15. Ng3 Nxe3 16. fxe3 Bg5 17. Qf3 Ne6 18. Nf5 Kh7 19. h4 Bd8 20. Qh5 Be8 21. Rf2 Qd7 22. Raf1 f6 23. Qg4 Nc7 24. h5 Rb8 25. Rf3 Nxd5 26. Nxd5 Qf7 27. Rg3 Rg8 28. Nxd6 Qxh5 29. Qe6 Rf8 30. Rf5 Qh4 31. Rh3 Qg4 32. Nxe8 Qxe4 33. Nexf6+ gxf6 34. Qd7+ 1-0

[Event "Olympiad Women-35"]
[Site "Bled"]
[Date "2002.11.07"]
[Round "12.3"]
[White "Lallemand, Roza"]
[Black "Dimovska, Aleksandra"]
[Result "1/2-1/2"]
[WhiteElo "2301"]
[BlackElo "2100"]
[PlyCount "166"]
[EventDate "2002.10.26"]
[EventType "team-swiss"]
[EventRounds "14"]
[EventCountry "SLO"]
[SourceTitle "EXT 2003"]
[Source "ChessBase"]
[SourceDate "2002.11.25"]
[SourceVersion "1"]
[SourceVersionDate "2002.11.25"]
[SourceQuality "1"]
[WhiteTeam "France (W)"]
[BlackTeam "Bosnia&Herzegovina (W)"]
[WhiteTeamCountry "FRA"]
[BlackTeamCountry "BIH"]

1. e4 e5 2. Nf3 Nc6 3. Bc4 Bc5 4. c3 Nf6 5. d3 Qe7 6. 0-0 d6 7. Nbd2 h6 8. Re1 g5 9. b4 Bb6 10. a4 a5 11. b5 Nd8 12. d4 Ne6 13. Nb3 Nf4 14. dxe5 Ng4 15. Ra2 Nxe5 16. Nxe5 Qxe5 17. Nd4 0-0 18. Rc2 Qf6 19. Qf3 Re8 20. Bxf4 Qxf4 21. Qxf4 gxf4 22. Bd5 Rb8 23. Ne2 Bd7 24. Nxf4 c6 25. Ba2 d5 26. Nh5 Bd8 27. e5 cxb5 28. axb5 Bxb5 29. Bxd5 Ba4 30. Rd2 Bc6 31. f4 Bb6+ 32. Kh1 Red8 33. c4 a4 34. Nf6+ Kf8 35. Ra2 Ra8 36. Rb1 Be3 37. g3 Ra5 38. Bxc6 bxc6 39. Kg2 a3 40. Kf3 Bc5 41. Rb3 Ra4 42. Ne4 Bb4 43. c5 Rd5 44. h4 Ke7 45. Ke3 Rd8 46. Ke2 Ke6 47. Nc3 Bxc3 48. Rxc3 Rda8 49. Rd3 Kf5 50. Kf3 Rc4 51. Raxa3 Rxa3 52. Rxa3 Rxc5 53. Rd3 h5 54. Ke3 f6 55. exf6 Kxf6 56. Ke4 Rc4+ 57. Rd4 Rc3 58. Rd6+ Ke7 59. Rg6 Kf7 60. Rg5 Kf6 61. f5 Rc4+ 62. Kd3 Ra4 63. Rxh5 Ra3+ 64. Ke4 Rxg3 65. Rh6+ Kg7 66. Rxc6 Rg4+ 67. Ke5 Rxh4 68. Rc7+ Kf8 69. Ke6 Re4+ 70. Kf6 Kg8 71. Rc8+ Kh7 72. Kf7 Ra4 73. Rc7 Kh6 74. Rd7 Ra5 75. f6 Ra6 76. Ke7 Ra1 77. f7 Re1+ 78. Kd8 Kg7 79. Re7 Ra1 80. Rc7 Kf8 81. Rb7 Rd1+ 82. Rd7 Rd2 83. Rd4 Kxf7 1/2-1/2

[Event "Olympiad Women-35"]
[Site "Bled"]
[Date "2002.10.29"]
[Round "4.2"]
[White "Dimovska, Aleksandra"]
[Black "Pina Vega, Sulennis"]
[Result "1-0"]
[WhiteElo "2100"]
[BlackElo "2316"]
[PlyCount "101"]
[EventDate "2002.10.26"]
[EventType "team-swiss"]
[EventRounds "14"]
[EventCountry "SLO"]
[SourceTitle "EXT 2003"]
[Source "ChessBase"]
[SourceDate "2002.11.25"]
[SourceVersion "1"]
[SourceVersionDate "2002.11.25"]
[SourceQuality "1"]
[WhiteTeam "Bosnia&Herzegovina (W)"]
[BlackTeam "Cuba (W)"]
[WhiteTeamCountry "BIH"]
[BlackTeamCountry "CUB"]

1. e4 c5 2. Nf3 d6 3. d4 cxd4 4. Nxd4 Nf6 5. Nc3 Nc6 6. Nb3 e6 7. Bd3 Be7 8. 0-0 0-0 9. f4 a6 10. g4 e5 11. f5 d5 12. exd5 Nxd5 13. Nxd5 Qxd5 14. Qf3 Qxf3 15. Rxf3 Rd8 16. Be3 Nd4 17. Rh3 Nxb3 18. axb3 Bd7 19. Be4 Rac8 20. Bb6 Bc5+ 21. Bxc5 Rxc5 22. Rd3 Kf8 23. Rad1 Ke7 24. f6+ gxf6 25. Bxh7 Rcc8 26. Rxd7+ Rxd7 27. Rxd7+ Kxd7 28. Bf5+ Kd8 29. Bxc8 Kxc8 30. Kf2 Kd8 31. Ke3 Ke8 32. b4 Kf8 33. Ke4 Kg7 34. Kf5 Kh7 35. h4 Kh6 36. c4 Kg7 37. g5 fxg5 38. hxg5 e4 39. Kxe4 Kg6 40. Kf4 f6 41. gxf6 Kxf6 42. Ke4 Ke6 43. Kd4 Kd6 44. b3 Kc6 45. Ke5 b6 46. Kd4 Kd6 47. c5+ Kd7 48. Kd5 Kc7 49. c6 a5 50. bxa5 bxa5 51. Ke4 1-0

[Event "EU-ch (Women) 3rd"]
[Site "Varna"]
[Date "2002.06.06"]
[Round "10"]
[White "Kharashkina, Bairta"]
[Black "Dimovska, Aleksandra"]
[Result "0-1"]
[WhiteElo "2193"]
[BlackElo "2114"]
[PlyCount "146"]
[EventDate "2002.05.27"]
[EventType "swiss"]
[EventRounds "11"]
[EventCountry "BUL"]
[SourceTitle "CBM 088 Extra"]
[Source "ChessBase"]
[SourceDate "2002.07.01"]
[SourceVersion "2"]
[SourceVersionDate "2002.07.01"]
[SourceQuality "1"]

1. e4 e5 2. Nf3 Nc6 3. d4 exd4 4. Nxd4 Qh4 5. Nb5 Bc5 6. Qe2 Nd4 7. Nxd4 Bxd4 8. g3 Qe7 9. Bg2 d6 10. Qd3 Bb6 11. Nc3 Nf6 12. 0-0 0-0 13. Bg5 Qe5 14. Bf4 Qh5 15. Qb5 Qxb5 16. Nxb5 Re8 17. Rfe1 Ng4 18. Re2 Ne5 19. h3 Bd7 20. Nc3 Nc4 21. Rb1 Bc6 22. b3 Bd4 23. Nd1 Na3 24. Rc1 f5 25. Ne3 Bxe4 26. Bxe4 Rxe4 27. Rd2 Bb6 28. Nxf5 Nb5 29. c4 Rf8 30. Nh6+ gxh6 31. cxb5 Rf5 32. a4 h5 33. h4 Rc5 34. Rxc5 Bxc5 35. Kg2 Re1 36. Kf3 Kf7 37. Rd3 Kg6 38. Bd2 Rb1 39. Be3 Bxe3 40. Rxe3 Rc1 41. Ke4 Rc5 42. Rf3 Re5+ 43. Kd4 Rf5 44. Rc3 Rf7 45. f3 Kf5 46. Kd5 Re7 47. Kd4 Rg7 48. Ke3 Ke5 49. Rc4 d5 50. Rc2 Kd6 51. Kf4 Rf7+ 52. Ke3 Rg7 53. Kf4 Rf7+ 54. Ke3 c5 55. bxc6 bxc6 56. Rc3 c5 57. Rd3 Ke5 58. f4+ Kd6 59. Kf3 Rg7 60. Re3 Re7 61. Rd3 Re1 62. Kf2 Rb1 63. Kf3 a5 64. Ke3 d4+ 65. Kf2 Kd5 66. Rf3 Rb2+ 67. Kg1 Ke4 68. Rf2 Rxb3 69. f5 Rxg3+ 70. Kf1 Rg7 71. f6 Rf7 72. Ke2 Ke5 73. Kd3 Rxf6 0-1

[Event "YUG-ch U18 Girls 28th"]
[Site "Obrenovac"]
[Date "2002.01.18"]
[Round "9"]
[White "Popovic, Jelena"]
[Black "Dimovska, Aleksandra"]
[Result "1/2-1/2"]
[WhiteElo "2036"]
[BlackElo "2105"]
[PlyCount "112"]
[EventDate "2002.01.09"]
[EventType "tourn"]
[EventRounds "13"]
[EventCountry "YUG"]
[SourceTitle "CBM 086 Extra"]
[Source "ChessBase"]
[SourceDate "2002.03.14"]
[SourceVersion "1"]
[SourceVersionDate "2002.03.14"]
[SourceQuality "1"]

1. d4 Nf6 2. c4 e5 3. dxe5 Ng4 4. Nf3 Bc5 5. e3 Nc6 6. Be2 Ncxe5 7. 0-0 0-0 8. Nc3 Re8 9. Nd4 Nf6 10. b3 d5 11. cxd5 Nxd5 12. Bb2 c6 13. Rc1 Nxc3 14. Bxc3 Ba3 15. Ra1 Qe7 16. Qc2 Qc5 17. Rfd1 a5 18. Rd2 Bg4 19. Bb2 Qxc2 20. Rxc2 Bxb2 21. Rxb2 Bxe2 22. Rxe2 a4 23. b4 a3 24. Rb1 Ra4 25. Rb3 Nc4 26. Rc2 Nb6 27. g3 Rc8 28. Rc5 Nd7 29. Rcc3 Rca8 30. Nc2 Nb6 31. e4 Rd8 32. Rxa3 Rd1+ 33. Kg2 Rd2 34. Rd3 Rxd3 35. Rxd3 Kf8 36. Ra3 Ke7 37. Rxa4 Nxa4 38. Kf3 Nc3 39. a3 Kd6 40. Ke3 c5 41. bxc5+ Kxc5 42. Kd3 Nd1 43. f3 Nb2+ 44. Kc3 Nd1+ 45. Kd2 Nb2 46. f4 Kc4 47. e5 Kd5 48. Kc3 Nd1+ 49. Kb4 g5 50. fxg5 Kxe5 51. Kb5 Kf5 52. Kb6 Kxg5 53. a4 Nb2 54. a5 Nc4+ 55. Kb5 Nxa5 56. Kxa5 Kg4 1/2-1/2

[Event "YUG-ch U18 Girls 28th"]
[Site "Obrenovac"]
[Date "2002.01.11"]
[Round "3"]
[White "Dimovska, Aleksandra"]
[Black "Tuvic, Nada"]
[Result "1-0"]
[WhiteElo "2105"]
[BlackElo "2042"]
[PlyCount "95"]
[EventDate "2002.01.09"]
[EventType "tourn"]
[EventRounds "13"]
[EventCountry "YUG"]
[SourceTitle "CBM 086 Extra"]
[Source "ChessBase"]
[SourceDate "2002.03.14"]
[SourceVersion "1"]
[SourceVersionDate "2002.03.14"]
[SourceQuality "1"]

1. e4 c5 2. Nf3 Nc6 3. d4 cxd4 4. Nxd4 e6 5. Nc3 Qc7 6. Nb3 Nf6 7. Bd3 d5 8. exd5 Nxd5 9. Nxd5 exd5 10. 0-0 Be6 11. Be3 Bd6 12. Qh5 0-0-0 13. Nd4 Kb8 14. Nb5 Qd7 15. Nxd6 Qxd6 16. Qh4 Ka8 17. a4 h6 18. a5 g5 19. Qg3 Qd7 20. Bb6 f5 21. Qc7 f4 22. Qxd7 Rxd7 23. Rfe1 Bf7 24. Bc5 Rdd8 25. a6 b6 26. Bb5 Rc8 27. Bxc6+ Rxc6 28. Bd4 Rhc8 29. c3 Bg6 30. Re5 Rd6 31. Re7 Rcd8 32. Bg7 Bd3 33. h4 Bb5 34. Bd4 Re8 35. Rg7 gxh4 36. Rg4 Rde6 37. Kh2 f3 38. gxf3 Re2 39. b4 Bc4 40. Rxh4 Rg8 41. f4 Ree8 42. Rxh6 Ref8 43. Be5 Be2 44. Rh3 Rf7 45. Rg3 Rxg3 46. fxg3 Rh7+ 47. Kg2 Bd3 48. g4 1-0

[Event "YUG-ch U18 Girls 28th"]
[Site "Obrenovac"]
[Date "2002.01.10"]
[Round "2"]
[White "Mihajlovic, Milena"]
[Black "Dimovska, Aleksandra"]
[Result "0-1"]
[WhiteElo "2167"]
[BlackElo "2105"]
[PlyCount "100"]
[EventDate "2002.01.09"]
[EventType "tourn"]
[EventRounds "13"]
[EventCountry "YUG"]
[SourceTitle "CBM 086 Extra"]
[Source "ChessBase"]
[SourceDate "2002.03.14"]
[SourceVersion "1"]
[SourceVersionDate "2002.03.14"]
[SourceQuality "1"]

1. d4 Nf6 2. c4 e5 3. dxe5 Ng4 4. Bf4 Nc6 5. Nf3 Bb4+ 6. Nc3 Qe7 7. Qd5 Bxc3+ 8. bxc3 f6 9. exf6 Nxf6 10. Qd2 d6 11. e3 Ne4 12. Qc2 0-0 13. Bd3 Bf5 14. Nd4 Bg6 15. Nxc6 bxc6 16. 0-0 Qe6 17. Rad1 Rab8 18. Bxe4 Bxe4 19. Qa4 Qg6 20. Bg3 Bc2 21. Qxc6 Bxd1 22. Rxd1 Rb1 23. Qd5+ Kh8 24. h4 Qc2 25. Rxb1 Qxb1+ 26. Kh2 Qxa2 27. h5 h6 28. e4 Qe2 29. c5 Rf6 30. cxd6 cxd6 31. Kh3 Qa6 32. Bh4 Rf4 33. f3 Rf8 34. Be7 Qc8+ 35. Kg3 Re8 36. Bxd6 Qxc3 37. Qf7 Rd8 38. Qe7 Qf6 39. Qxf6 gxf6 40. Be7 Rg8+ 41. Kf4 Rxg2 42. Bxf6+ Kg8 43. Kf5 a5 44. Be7 Kf7 45. Bf6 a4 46. e5 Re2 47. f4 a3 48. Bh8 a2 49. Bf6 Re1 50. Bh8 Kg8 0-1

[Event "Wch U16 Girls"]
[Site "Oropesa del Mar"]
[Date "2001.10.22"]
[Round "2"]
[White "Dimovska, Aleksandra"]
[Black "Karnaukhova, Elmira"]
[Result "0-1"]
[WhiteElo "2090"]
[BlackElo "2264"]
[PlyCount "40"]
[EventDate "2001.10.21"]
[EventType "swiss"]
[EventRounds "11"]
[EventCountry "ESP"]
[SourceTitle "EXT 2002"]
[Source "ChessBase"]
[SourceDate "2001.11.25"]
[SourceVersion "1"]
[SourceVersionDate "2001.11.25"]
[SourceQuality "1"]

1. e4 c5 2. Nf3 e6 3. d4 cxd4 4. Nxd4 Nf6 5. Bd3 Nc6 6. Nxc6 bxc6 7. c4 d5 8. Be3 Be7 9. 0-0 0-0 10. e5 Nd7 11. f4 Nc5 12. Bxh7+ Kxh7 13. Qh5+ Kg8 14. Rf3 f5 15. Rh3 Qb6 16. Qh7+ Kf7 17. Qh5+ g6 18. Qh7+ Ke8 19. Qxg6+ Kd7 20. Nc3 Qxb2 0-1

[Event "EU-Cup (Women) 06th"]
[Site "Belgrade"]
[Date "2001.09.22"]
[Round "7"]
[White "Dimovska, Aleksandra"]
[Black "Zhukova, Natalia"]
[Result "0-1"]
[WhiteElo "2090"]
[BlackElo "2440"]
[PlyCount "68"]
[EventDate "2001.09.16"]
[EventType "team-swiss"]
[EventRounds "7"]
[EventCountry "YUG"]
[SourceTitle "EXT 2013"]
[Source "ChessBase"]
[SourceDate "2012.11.22"]
[SourceVersion "1"]
[SourceVersionDate "2012.11.22"]
[SourceQuality "1"]
[WhiteTeam "Sarajevo Slavija (W)"]
[BlackTeam "Timisoara Luxten (W)"]
[WhiteTeamCountry "BIH"]
[BlackTeamCountry "ROU"]

1. e4 g6 2. d4 Bg7 3. c3 d6 4. f4 Nd7 5. Nf3 e5 6. Bc4 Nb6 7. Bb3 exd4 8. cxd4 d5 9. e5 h5 10. Nc3 Nh6 11. 0-0 c6 12. Bc2 0-0 13. b3 Re8 14. Ba3 Bf5 15. Bxf5 Nxf5 16. Qd2 Nd7 17. Na4 b6 18. Rac1 Rc8 19. Rc2 Nf8 20. Rfc1 Qd7 21. g3 Ne6 22. Kg2 Bh6 23. Nb2 h4 24. Qf2 Kg7 25. Nd3 hxg3 26. hxg3 Rh8 27. Rh1 c5 28. dxc5 d4 29. Bc1 bxc5 30. g4 Ne3+ 31. Bxe3 dxe3 32. Qxe3 Nxf4+ 33. Kf1 Nxd3 34. g5 Bxg5 0-1

[Event "EU-Cup (Women) 06th"]
[Site "Belgrade"]
[Date "2001.09.19"]
[Round "4"]
[White "Petrovic, Marija"]
[Black "Dimovska, Aleksandra"]
[Result "1-0"]
[WhiteElo "2244"]
[BlackElo "2090"]
[PlyCount "77"]
[EventDate "2001.09.16"]
[EventType "team-swiss"]
[EventRounds "7"]
[EventCountry "YUG"]
[SourceTitle "EXT 2013"]
[Source "ChessBase"]
[SourceDate "2012.11.22"]
[SourceVersion "1"]
[SourceVersionDate "2012.11.22"]
[SourceQuality "1"]
[WhiteTeam "Smederevska Palanka Gosa (W)"]
[BlackTeam "Sarajevo Slavija (W)"]
[WhiteTeamCountry "YUG"]
[BlackTeamCountry "BIH"]

1. d4 Nf6 2. Nf3 g6 3. c3 Bg7 4. Bg5 d6 5. Nbd2 0-0 6. e4 Nbd7 7. Bc4 h6 8. Bh4 e5 9. dxe5 dxe5 10. Qc2 Qe7 11. 0-0 g5 12. Bg3 Nh5 13. Rfe1 Nf4 14. Nf1 Nb6 15. Bb3 h5 16. h4 g4 17. Ng5 Bh6 18. Bxf4 exf4 19. e5 Bxg5 20. Qg6+ Kh8 21. Qxh5+ Kg7 22. Qxg5+ Qxg5 23. hxg5 Be6 24. Re4 Kg6 25. Rxf4 Kxg5 26. g3 Nd5 27. Rd4 c6 28. Nd2 Kf5 29. Re1 Rad8 30. Bc2+ Kg5 31. Ne4+ Kh6 32. Nc5 Kg5 33. Nxe6+ fxe6 34. Ree4 Kf5 35. c4 Nb4 36. Rf4+ Kxe5 37. Rde4+ Kd6 38. c5+ Kxc5 39. Rxb4 1-0

[Event "EU-Cup (Women) 06th"]
[Site "Belgrade"]
[Date "2001.09.16"]
[Round "1"]
[White "Stjazhkina, Olga"]
[Black "Dimovska, Aleksandra"]
[Result "1/2-1/2"]
[WhiteElo "2343"]
[BlackElo "2090"]
[PlyCount "118"]
[EventDate "2001.09.16"]
[EventType "team-swiss"]
[EventRounds "7"]
[EventCountry "YUG"]
[SourceTitle "EXT 2013"]
[Source "ChessBase"]
[SourceDate "2012.11.22"]
[SourceVersion "1"]
[SourceVersionDate "2012.11.22"]
[SourceQuality "1"]
[WhiteTeam "St Petersburg (W)"]
[BlackTeam "Sarajevo Slavija (W)"]
[WhiteTeamCountry "RUS"]
[BlackTeamCountry "BIH"]

1. e4 e5 2. Nf3 Nc6 3. Nc3 Nf6 4. g3 Bc5 5. Bg2 d6 6. d3 0-0 7. Na4 Bb4+ 8. c3 Ba5 9. b4 Bb6 10. 0-0 Be6 11. h3 h6 12. Kh2 Ne7 13. Qe2 Qe8 14. Nxb6 axb6 15. d4 exd4 16. Nxd4 Nc6 17. Nxe6 Qxe6 18. f4 Ra4 19. a3 Re8 20. Re1 Qb3 21. Qb2 Qxb2 22. Bxb2 Re7 23. c4 Ra8 24. Re2 Rae8 25. Rae1 Nd7 26. Bf3 Nf6 27. g4 Nh7 28. h4 g5 29. b5 Na5 30. Rc2 gxf4 31. Rd1 Nb3 32. Rd5 Nc5 33. Bc1 Nxe4 34. Bxf4 Nhf6 35. Rf5 Kg7 36. Kg2 Kg6 37. Re2 h5 38. Bg5 hxg4 39. Bxe4 Nxe4 40. Rd5 Nxg5 41. Rxg5+ Kh6 42. Rf2 Re2 43. Rxg4 f5 44. Rgf4 R8e4 45. Kg3 Rxf4 46. Rxf4 Re3+ 47. Rf3 Re4 48. Rxf5 Rxc4 49. Rf7 Kg6 50. Rd7 Rc3+ 51. Kg4 Rxa3 52. Rxc7 Ra4+ 53. Kg3 Rb4 54. Rd7 Rxb5 55. Rxd6+ Kh5 56. Rd7 Rb3+ 57. Kf4 Rb4+ 58. Kf5 Kxh4 59. Rxb7 Rb1 1/2-1/2

[Event "YUG-chT (Women)"]
[Site "Herceg Novi"]
[Date "2001.05.??"]
[Round "6"]
[White "Dimovska, Aleksandra"]
[Black "Chelushkina, Irina"]
[Result "0-1"]
[WhiteElo "2066"]
[BlackElo "2385"]
[PlyCount "58"]
[EventDate "2001.05.??"]
[EventType "team"]
[EventRounds "11"]
[EventCountry "YUG"]
[SourceTitle "CBM 082 Extra"]
[Source "ChessBase"]
[SourceDate "2001.07.03"]
[SourceVersion "1"]
[SourceVersionDate "2001.07.03"]
[SourceQuality "1"]

1. e4 c5 2. Nf3 Nc6 3. d4 cxd4 4. Nxd4 Nf6 5. Nc3 d6 6. Nb3 g6 7. Bd3 Bg7 8. 0-0 0-0 9. h3 a5 10. a4 Be6 11. Ra3 Nd7 12. Be3 Nb6 13. Qe2 Nb4 14. Nd4 Bd7 15. Ncb5 d5 16. f4 Bxb5 17. Nxb5 Bxb2 18. Rb3 Bg7 19. exd5 N6xd5 20. Bc5 Rc8 21. Ba7 Nc3 22. Nxc3 Rxc3 23. Be4 Rxb3 24. cxb3 b6 25. Qf3 Qc7 26. Bb7 Rd8 27. f5 Bf6 28. fxg6 hxg6 29. g4 Rd3 0-1